000 00303nam a22001337a 4500
008 170905b xxu||||| |||| 00| 0 eng d
020 _a00305993837
041 _aeng
080 _a070
100 _a40
101 _aMED
245 _aINVITATION TO CRITICAL THINKING
_cBARRY.X.E
942 _2udc
_cBK
999 _c26151
_d26151